000 01057nas a2200325 i 4500
001 2759
003 ES-MaACL
005 20250814062601.0
007 t|
008 000223c1983 sp f| | 0 ||pa d
022 _a0212-5544
080 _a(460)
080 _a902/904
080 _a06
245 0 0 _aBoletín del Museo Arqueológico Nacional.
260 _aMadrid :
_bMuseo Arqueológico Nacional,
_c1983-
300 _a6 v. ;
_c29 cm.
310 _aSemestral
362 0 _aT. I, nº 1 (1983)-
650 1 4 _aArqueología. Prehistoria.
_99984
650 4 _aInstituciones científicas y diversas
_913829
655 7 _2tgfbne
_9226866
_aRevistas
710 2 _aMuseo Arqueológico Nacional (España)
_95827
852 _aES-MaACL
_jHEM-2039
_cHEM
_zExpurgado marzo 2025: posterior 1958; sin encuadernar; en acceso abierto
856 _uhttps://dialnet.unirioja.es/servlet/revista?codigo=224
_ySumarios de la revista en Dialnet
866 0 _o1983-2002.
942 _2udc
_cPERIODICA
999 _c2759
_d2759